MARC details
| 000 -CABECERA |
| campo de control de longitud fija |
05143nam a2200481Ia 4500 |
| 001 - NÚMERO DE CONTROL |
| campo de control |
dia_5532 |
| 003 - IDENTIFICADOR DEL NÚMERO DE CONTROL |
| campo de control |
CHAP |
| 005 - FECHA Y HORA DE LA ÚLTIMA TRANSACCIÓN |
| campo de control |
20240830133933.0 |
| 007 - CAMPO FIJO DE DESCRIPCIÓN FÍSICA--INFORMACIÓN GENERAL |
| campo de control de longitud fija |
ta |
| 008 - DATOS DE LONGITUD FIJA--INFORMACIÓN GENERAL |
| campo de control de longitud fija |
220117s2014 mx beo frm 001 0 spa d |
| 010 ## - NÚMERO DE CONTROL DE LA BIBLIOTECA DEL CONGRESO |
| Número de control de LC |
176473 |
| 040 ## - FUENTE DE LA CATALOGACIÓN |
| Centro/agencia transcriptor |
CHAP |
| Centro catalogador/agencia de origen |
mxchpua |
| Normas de descripción |
rda |
| 041 0# - CÓDIGO DE LENGUA |
| Código de lengua del texto/banda sonora o título independiente |
spa |
| Código de lengua del sumario o resumen |
eng |
| 090 ## - LOCALMENTE ASIGNADO TIPO-LC NÚMERO DE CLASIFICACIÓN (OCLC); NÚMERO DE CLASIFICACIÓN LOCAL (RLIN) |
| Número de clasificación (OCLC) (R) ; Numero de clasificación, CALL (RLIN) (NR) |
Tesis |
| Número cutter local (OCLC) ; Número de libro/Signatura topográfica íntegra, CALL (RLIN) |
S26 |
| año |
2014 |
| 100 1# - ENTRADA PRINCIPAL--NOMBRE DE PERSONA |
| Nombre de persona |
Sánchez Gallegos, José Luis |
| 240 10 - TÍTULO UNIFORME |
| Título uniforme |
Technical and economical feasiblity study for a planta production of brown sugar in Tzimol, Chiapas. |
| Lenguaje de la obra |
Español |
| 245 10 - MENCIÓN DE TÍTULO |
| Título |
Estudio de factibilidad técnico-económico de una planta productora de panela en el municipio de Tzimol, Chiapas / |
| Mención de responsabilidad, etc. |
José Luis Sánchez Gallegos |
| 264 ## - PRODUCCIÓN, PUBLICACIÓN, DISTRIBUCIÓN, FABRICACIÓN Y COPYRIGHT |
| Producción, publicación, distribución, fabricación y copyright |
Chapingo, México : |
| Nombre del de productor, editor, distribuidor, fabricante |
El autor, |
| Fecha de producción, publicación, distribución, fabricación o copyright |
2014 |
| 300 ## - DESCRIPCIÓN FÍSICA |
| Extensión |
ix, 107 hojas : |
| Otras características físicas |
mapas, diagramas, tablas, fotos, planos + |
| Material acompañante/anejo |
1 CD-ROM |
| 336 ## - TIPO DE CONTENIDO |
| Fuente |
rdacontent |
| Término de tipo de contenido |
texto |
| Código de tipo de contenido |
txt |
| 337 ## - TIPO DE MEDIO |
| Fuente |
rdamedia |
| Nombre/término del tipo de medio |
no mediado |
| Código del tipo de medio |
n |
| 338 ## - TIPO DE SOPORTE |
| Fuente |
rdacarrier |
| Nombre/término del tipo de soporte |
volumen |
| Código del tipo de soporte |
nc |
| 500 ## - NOTA GENERAL |
| Nota general |
Los planos están incluidos en el reporte. |
| 502 ## - NOTA DE TESIS |
| Nota de tesis |
Tesis |
| Tipo de título |
(Ingeniero Agroindustrial) -- |
| Nombre de la institución que otorga el título |
UACh. Departamento de Ingeniería Agroindustrial, |
| Año de obtención del título |
2014 |
| 504 ## - NOTA DE BIBLIOGRAFÍA, ETC. |
| Nota de bibliografía, etc. |
Bibliografía: hojas 104-107 |
| 505 00 - NOTA DE CONTENIDO CON FORMATO |
| Nota de contenido con formato |
2 planos --<br/>1. Distribución de áreas (Esc. 1:100) --<br/>2. Distribución de áreas 2 (Esc. 1:100) |
| 520 3# - SUMARIO, ETC. |
| Sumario, etc. |
El presente estudio evaluó la rentabilidad de un sistema de producción de panela y panela granulada, el cual estará ubicado en el municipio de Tzimol, en el estado de Chiapas. Para este proyecto se ha determinado que es necesario realizar una inversión de $ 6 838,153.00 siendo $ 6 313,717.00 de inversión fija y $ 459,440 de capital de trabajo. En el estado de Chiapas y en particular en el municipio de Tzimol, la producción de panela es una de las principales actividades económicas, sin embargo, existe un grupo de pequeños productores que se encuentran desorganizados y vulnerables al intermediarismo, por lo que se han visto en la necesidad de agruparse para mejorar las condiciones de mercado. El objetivo de esta investigación fue determinar la factibilidad técnica y económica para el desarrollo de una planta productora de panela y panela granulada para el grupo “Unión de Productores de Panela y Caña de Azúcar de Tzimol”. El análisis se realizó a 8 años, obteniendo en la evaluación financiera los principales indicadores, una VAN de 7 652,869, una relación B/C de 1.09, mientras que la Tasa Interna de Rentabilidad (TIR) fue de 29.62%. Los límites de aceptabilidad se encuentran para el aumento del precio de la materia prima, el proyecto llega a soportar un aumento de hasta el 15%; para la disminución del precio de venta el proyecto puede mantenerse como viable con una disminución de hasta un 10%. Además el proyecto logra soportar la disminución del 15% en su rendimiento. Con base en estos indicadores, se concluyó que el proyecto resulta viable desde el punto de vista económico. La rentabilidad del proyecto de inversión es buena y la producción de panela y panela granulada cuenta con buenas perspectivas de comercialización. |
| 520 3# - SUMARIO, ETC. |
| Sumario, etc. |
This study assessed the profitability of a brown sugar production which will be located in the community of Tzimol in the state of Chiapas. For this project it will be needed an investment of $ 6 838,157.00, were $ 6 313,717 will be in fixed investment and $ 459,440 for working capital. In the state of Chiapas, particularly in the town of Tzimol, brown sugar production is one of the most important economic activities, however, there is a group of small producers who are disorganized and vulnerable to middlemen, so they have been grouped the need to improve market conditions. The objective of this research was to determine the technical and economic feasibility for the development of a plant producing brow sugar for the group “Union of Producers of Brown Sugar and Sugarcane of Tzimol”. The analysis was performed to 8 years, obtaining in the financial evaluation the key indicators, NPV of 7 652,869.00, B/C of 1.09 while the IRR = 29.62%. The limits of acceptability are for increased raw material prices; therefore the project is to support an increase of up to 15%, for a reduction of a selling price the project can remain viable with a decrease up to 10%. Also the project can support an achieved of 15% decrease in production. Based on these indicators, it was concluded that the project is feasible from an economic standpoint. The profitability of the investment project is good and the brown sugar production has good marketability. |
| 650 13 - PUNTO DE ACCESO ADICIONAL DE MATERIA--TÉRMINO DE MATERIA |
| Término de materia o nombre geográfico como elemento de entrada |
Industria azucarera |
| Subdivisión geográfica |
México |
| -- |
Chiapas |
| Fuente del encabezamiento o término |
atg |
| 650 17 - PUNTO DE ACCESO ADICIONAL DE MATERIA--TÉRMINO DE MATERIA |
| Término de materia o nombre geográfico como elemento de entrada |
Panela |
| Fuente del encabezamiento o término |
atg |
| 650 13 - PUNTO DE ACCESO ADICIONAL DE MATERIA--TÉRMINO DE MATERIA |
| Término de materia o nombre geográfico como elemento de entrada |
Jaggery |
| Fuente del encabezamiento o término |
atg |
| 650 13 - PUNTO DE ACCESO ADICIONAL DE MATERIA--TÉRMINO DE MATERIA |
| Término de materia o nombre geográfico como elemento de entrada |
Sugar industry |
| Subdivisión geográfica |
Mexico |
| -- |
Chiapas |
| Fuente del encabezamiento o término |
atg |
| 700 1# - PUNTO DE ACCESO ADICIONAL--NOMBRE DE PERSONA |
| Nombre de persona |
Ybarra Moncada, Ma. Carmen |
| Término indicativo de función/relación |
directora |
| 700 1# - PUNTO DE ACCESO ADICIONAL--NOMBRE DE PERSONA |
| Nombre de persona |
García Chávez, Luis Ramiro |
| Término indicativo de función/relación |
asesor |
| 700 1# - PUNTO DE ACCESO ADICIONAL--NOMBRE DE PERSONA |
| Nombre de persona |
Martínez Mosqueda, Francisco |
| Término indicativo de función/relación |
asesor |
| 856 41 - LOCALIZACIÓN Y ACCESO ELECTRÓNICOS |
| Identificador Uniforme del Recurso |
<a href="http://10.13.5.2/tesis/sist109726.pdf">http://10.13.5.2/tesis/sist109726.pdf</a> |
| Texto de enlace |
DESCARGAR PDF |
| 901 ## - ELEMENTOS DE DATOS A LOCAL LDA (RLIN) |
| a |
TESIS S26 2014 |
| 942 ## - ELEMENTOS DE PUNTO DE ACCESO ADICIONAL (KOHA) |
| Tipo de ítem Koha |
TESIS |
| Fuente del sistema de clasificación o colocación |
Clasificación Universidad Autónoma Chapingo |
| 902 ## - ELEMENTOS DE DATOS B LOCAL, LDB (RLIN) |
| a |
M |
| 905 ## - ELEMENTOS DE DATOS E LOCAL, LDE (RLIN) |
| a |
5232272014 mx ainl8223223322spa16 |